000 00528nam a22001937a 4500
003 KOHA_MİRAKIL
005 20250926134737.0
008 250926b tu ||||| |||| 00| 0 tur d
020 _a9786052343395
040 _aTR-AnABB
_btur
_cTR-AnABB
041 _atur
082 _a843.8
_bVER 2020
100 1 _aVerne, Jules,
245 1 0 _aAy'a yolculuk /
_cJules Verne
260 _aİstanbul :
_bRönesans Yayınları,
_c2020
300 _a208 sayfa ;
_c20 cm
650 0 4 _aFransız edebiyatı, roman
942 _2ddc
_cBK
999 _c8924
_d8924
900 _bGizem YORULMAZ